00583 am a2200169 a 450000500170000000800410001702000150005804100080007311000150008124500860009625000110018226000380019330000110023150001260024265300210036865300240038920231220133148.0101006s1999||||ag d f |||| 000 0 spa d a9879675258 aspa1 aAFACIMERA. aEducación Médica. Desafíos y tendencias.bT.4 La Universidad /cAFACIMERA. a1a ed. aBuenos Aires: bAFACIMERA;c1999. a107 p. aAFACIMERA. (1999). Educación médica. Desafíos y tendencias. T.4 La Universidad. (1a ed.). Buenos Aires : AFACIMERA. aCiencias Medicas aFormación docente